<?xml version="1.0" encoding="UTF-8"?>
<record
    xmlns:xsi="http://www.w3.org/2001/XMLSchema-instance"
    xsi:schemaLocation="http://www.loc.gov/MARC21/slim http://www.loc.gov/standards/marcxml/schema/MARC21slim.xsd"
    xmlns="http://www.loc.gov/MARC21/slim">

  <leader>03674namaa22004211i 4500</leader>
  <controlfield tag="003">EG-GICUC</controlfield>
  <controlfield tag="005">20260504145026.0</controlfield>
  <controlfield tag="008">260504s2025    ua a|||frm||| 000 0 eng d</controlfield>
  <datafield tag="040" ind1=" " ind2=" ">
    <subfield code="a">EG-GICUC</subfield>
    <subfield code="b">eng</subfield>
    <subfield code="c">EG-GICUC</subfield>
    <subfield code="d">EG-GICUC</subfield>
    <subfield code="e">rda</subfield>
  </datafield>
  <datafield tag="041" ind1="0" ind2=" ">
    <subfield code="a">eng</subfield>
    <subfield code="b">eng</subfield>
    <subfield code="b">ara</subfield>
  </datafield>
  <datafield tag="049" ind1=" " ind2=" ">
    <subfield code="a">Deposit</subfield>
  </datafield>
  <datafield tag="082" ind1="0" ind2="4">
    <subfield code="a">&#x202A;624.18341</subfield>
  </datafield>
  <datafield tag="092" ind1=" " ind2=" ">
    <subfield code="a">&#x202A;624.18341</subfield>
    <subfield code="2">21</subfield>
  </datafield>
  <datafield tag="097" ind1=" " ind2=" ">
    <subfield code="a">Ph.D</subfield>
  </datafield>
  <datafield tag="099" ind1=" " ind2=" ">
    <subfield code="a">Cai01.13.05.Ph.D.2025.Am.P</subfield>
  </datafield>
  <datafield tag="100" ind1="0" ind2=" ">
    <subfield code="a">Amira Elyamany Ali Mohamed, </subfield>
    <subfield code="e">preparation.</subfield>
  </datafield>
  <datafield tag="245" ind1="1" ind2="0">
    <subfield code="a">Performance assessment of anchored and embedded reinforced concrete barriers subjected to blast loads /</subfield>
    <subfield code="c">by Amira Elyamany Ali Mohamed ; Supervisors Prof. Dr. Walid Abdel Latif Attia. </subfield>
  </datafield>
  <datafield tag="246" ind1="1" ind2="5">
    <subfield code="a">&#x62A;&#x642;&#x64A;&#x64A;&#x645; &#x623;&#x62F;&#x627;&#x621; &#x627;&#x644;&#x62D;&#x648;&#x627;&#x62C;&#x632; &#x627;&#x644;&#x62E;&#x631;&#x633;&#x627;&#x646;&#x64A;&#x629; &#x627;&#x644;&#x645;&#x62B;&#x628;&#x62A;&#x629; &#x648; &#x627;&#x644;&#x645;&#x62F;&#x645;&#x62C;&#x629; &#x627;&#x644;&#x645;&#x639;&#x631;&#x636;&#x629; &#x644;&#x623;&#x62D;&#x645;&#x627;&#x644; &#x627;&#x644;&#x627;&#x646;&#x641;&#x62C;&#x627;&#x631;</subfield>
  </datafield>
  <datafield tag="264" ind1=" " ind2="0">
    <subfield code="c">2025.</subfield>
  </datafield>
  <datafield tag="300" ind1=" " ind2=" ">
    <subfield code="a">211 pages :</subfield>
    <subfield code="b">illustrations ; </subfield>
    <subfield code="c">30 cm. + </subfield>
    <subfield code="e">CD.</subfield>
  </datafield>
  <datafield tag="336" ind1=" " ind2=" ">
    <subfield code="a">text</subfield>
    <subfield code="2">rda content</subfield>
  </datafield>
  <datafield tag="337" ind1=" " ind2=" ">
    <subfield code="a">Unmediated</subfield>
    <subfield code="2">rdamedia</subfield>
  </datafield>
  <datafield tag="338" ind1=" " ind2=" ">
    <subfield code="a">volume</subfield>
    <subfield code="2">rdacarrier</subfield>
  </datafield>
  <datafield tag="502" ind1=" " ind2=" ">
    <subfield code="a">Thesis (Ph.D)-Cairo University, 2025.</subfield>
  </datafield>
  <datafield tag="504" ind1=" " ind2=" ">
    <subfield code="a">Bibliography: pages 207-211. </subfield>
  </datafield>
  <datafield tag="520" ind1=" " ind2="3">
    <subfield code="a">Protecting important buildings and preserving human lives is an essential requirement in present era as explosions represent a real danger which must be confronted. Current study analyzes the behavior of different reinforced concrete barriers subjected to blast loads. The models are divided into barriers anchored in the base and barriers with a base embedded into soil. In addition, the models feature different geometries as there are concave barriers with front angles 49&#xB0;, 58&#xB0; as well as straight barriers. Also, different weights of TNT charges 225kg, 450kg, and 1800kg are used</subfield>
  </datafield>
  <datafield tag="520" ind1=" " ind2="3">
    <subfield code="a">&#x62A;&#x642;&#x648;&#x645; &#x627;&#x644;&#x62F;&#x631;&#x627;&#x633;&#x629; &#x627;&#x644;&#x62D;&#x627;&#x644;&#x64A;&#x629; &#x628;&#x62F;&#x631;&#x627;&#x633;&#x629; &#x633;&#x644;&#x648;&#x643; &#x646;&#x645;&#x627;&#x630;&#x62C; &#x645;&#x62E;&#x62A;&#x644;&#x641;&#x629; &#x645;&#x646;  &#x627;&#x644;&#x62D;&#x648;&#x627;&#x62C;&#x632; &#x627;&#x644;&#x62E;&#x631;&#x633;&#x627;&#x646;&#x64A;&#x629; &#x627;&#x644;&#x645;&#x639;&#x631;&#x636;&#x629; &#x644;&#x62D;&#x645;&#x644; &#x627;&#x644;&#x627;&#x646;&#x641;&#x62C;&#x627;&#x631;. &#x62A;&#x645; &#x62A;&#x642;&#x633;&#x64A;&#x645; &#x627;&#x644;&#x646;&#x645;&#x627;&#x630;&#x62C; &#x625;&#x644;&#x649; &#x62D;&#x648;&#x627;&#x62C;&#x632; &#x645;&#x62B;&#x628;&#x62A;&#x629; &#x641;&#x64A; &#x627;&#x644;&#x642;&#x627;&#x639;&#x62F;&#x629; &#x627;&#x644;&#x62E;&#x631;&#x633;&#x627;&#x646;&#x64A;&#x629; &#x648; &#x62D;&#x648;&#x627;&#x62C;&#x632; &#x645;&#x63A;&#x631;&#x648;&#x633;&#x629; &#x641;&#x64A; &#x627;&#x644;&#x62A;&#x631;&#x628;&#x629;. &#x628;&#x627;&#x644;&#x625;&#x636;&#x627;&#x641;&#x629; &#x627;&#x644;&#x649; &#x630;&#x644;&#x643; &#x62A;&#x62A;&#x645;&#x64A;&#x632; &#x627;&#x644;&#x646;&#x645;&#x627;&#x630;&#x62C;  &#x628;&#x623;&#x634;&#x643;&#x627;&#x644; &#x648; &#x623;&#x628;&#x639;&#x627;&#x62F; &#x645;&#x62E;&#x62A;&#x644;&#x641;&#x629; &#x60C; &#x62D;&#x64A;&#x62B; &#x64A;&#x648;&#x62C;&#x62F; &#x62D;&#x648;&#x627;&#x62C;&#x632; &#x645;&#x642;&#x639;&#x631;&#x629; &#x628;&#x632;&#x627;&#x648;&#x64A;&#x629; &#x623;&#x645;&#x627;&#x645;&#x64A;&#x629; 49&#xB0;&#x648; 58&#xB0; &#x648; &#x643;&#x630;&#x644;&#x643; &#x62D;&#x648;&#x627;&#x62C;&#x632; &#x645;&#x633;&#x62A;&#x642;&#x64A;&#x645;&#x629; . &#x64A;&#x648;&#x62C;&#x62F; &#x623;&#x648;&#x632;&#x627;&#x646; &#x645;&#x62E;&#x62A;&#x644;&#x641;&#x629; &#x644;&#x634;&#x62D;&#x646;&#x627;&#x62A; &#x627;&#x644;&#x62A;&#x641;&#x62C;&#x64A;&#x631; &#x62A;&#x645; &#x627;&#x633;&#x62A;&#x62E;&#x62F;&#x627;&#x645;&#x647;&#x627; &#x60C; &#x62D;&#x64A;&#x62B; &#x64A;&#x648;&#x62C;&#x62F; 225 &#x648; 450 &#x648; 1800 &#x643;&#x62C;&#x645; &#x645;&#x648;&#x62C;&#x648;&#x62F;&#x629; &#x639;&#x644;&#x649; &#x645;&#x633;&#x627;&#x641;&#x629; 1 &#x645;&#x62A;&#x631; &#x648; &#x645;&#x633;&#x627;&#x641;&#x629; 2 &#x645;&#x62A;&#x631; . &#x62A;&#x645; &#x646;&#x645;&#x630;&#x62C;&#x629; &#x648; &#x62A;&#x62D;&#x644;&#x64A;&#x644; 36 &#x646;&#x645;&#x648;&#x630;&#x62C; &#x645;&#x62E;&#x62A;&#x644;&#x641; &#x645;&#x646; &#x627;&#x644;&#x62D;&#x648;&#x627;&#x62C;&#x632; &#x627;&#x644;&#x62E;&#x631;&#x633;&#x627;&#x646;&#x64A;&#x629; &#x627;&#x644;&#x645;&#x639;&#x631;&#x636;&#x629; &#x644;&#x62D;&#x645;&#x644; &#x627;&#x644;&#x627;&#x646;&#x641;&#x62C;&#x627;&#x631; . &#x62A;&#x645; &#x627;&#x633;&#x62A;&#x62E;&#x62F;&#x627;&#x645; &#x628;&#x631;&#x646;&#x627;&#x645;&#x62C; &#x627;&#x644;&#x62A;&#x62D;&#x644;&#x64A;&#x644; &#x627;&#x644;&#x62F;&#x64A;&#x646;&#x627;&#x645;&#x64A;&#x643;&#x64A; &#x627;&#x646;&#x633;&#x64A;&#x633; &#x646;&#x633;&#x62E;&#x629; 18,2. &#x643;&#x645;&#x627; &#x62A;&#x645; &#x639;&#x645;&#x644; &#x645;&#x642;&#x627;&#x631;&#x646;&#x627;&#x62A; &#x645;&#x62A;&#x639;&#x62F;&#x62F;&#x629; &#x628;&#x64A;&#x646; &#x646;&#x62A;&#x627;&#x626;&#x62C; &#x627;&#x644;&#x636;&#x63A;&#x637; &#x627;&#x644;&#x645;&#x62A;&#x648;&#x644;&#x62F; &#x646;&#x62A;&#x64A;&#x62C;&#x629; &#x62D;&#x645;&#x644; &#x627;&#x644;&#x627;&#x646;&#x641;&#x62C;&#x627;&#x631; &#x648; &#x643;&#x630;&#x644;&#x643; &#x627;&#x644;&#x623;&#x636;&#x631;&#x627;&#x631; &#x648; &#x627;&#x644;&#x625;&#x632;&#x627;&#x62D;&#x627;&#x62A; &#x627;&#x644;&#x62A;&#x64A; &#x62D;&#x62F;&#x62B;&#x62A; &#x644;&#x644;&#x62D;&#x648;&#x627;&#x626;&#x637; &#x645;&#x639; &#x627;&#x62E;&#x62A;&#x644;&#x627;&#x641; &#x642;&#x64A;&#x645; &#x627;&#x644;&#x634;&#x62D;&#x646;&#x627;&#x62A; &#x627;&#x644;&#x645;&#x62A;&#x641;&#x62C;&#x631;&#x629; &#x648; &#x628;&#x639;&#x62F;&#x647;&#x627; &#x639;&#x646; &#x627;&#x644;&#x62D;&#x648;&#x627;&#x626;&#x637;. </subfield>
  </datafield>
  <datafield tag="530" ind1=" " ind2=" ">
    <subfield code="a">Issues also as CD.</subfield>
  </datafield>
  <datafield tag="546" ind1=" " ind2=" ">
    <subfield code="a">Text in English and abstract in Arabic &amp; English.</subfield>
  </datafield>
  <datafield tag="650" ind1=" " ind2="0">
    <subfield code="a">Reinforced concrete</subfield>
  </datafield>
  <datafield tag="650" ind1=" " ind2="0">
    <subfield code="a">&#x627;&#x644;&#x62E;&#x631;&#x633;&#x627;&#x646;&#x629; &#x627;&#x644;&#x645;&#x633;&#x644;&#x62D;&#x629;</subfield>
  </datafield>
  <datafield tag="653" ind1=" " ind2="1">
    <subfield code="a">Blast loads</subfield>
    <subfield code="a">Reinforced concrete barriers</subfield>
    <subfield code="a">Ansys Autodyn 18.2</subfield>
    <subfield code="a">Explicit dynamics</subfield>
    <subfield code="a">TNT</subfield>
    <subfield code="a">&#x623;&#x62D;&#x645;&#x627;&#x644; &#x627;&#x644;&#x627;&#x646;&#x641;&#x62C;&#x627;&#x631;&#x627;&#x62A; </subfield>
    <subfield code="a">&#x627;&#x644;&#x62D;&#x648;&#x627;&#x62C;&#x632; &#x627;&#x644;&#x62E;&#x631;&#x633;&#x627;&#x646;&#x64A;&#x629; &#x627;&#x644;&#x645;&#x633;&#x644;&#x62D;&#x629;</subfield>
  </datafield>
  <datafield tag="700" ind1="0" ind2=" ">
    <subfield code="a">Walid Abdel Latif Attia</subfield>
    <subfield code="e">thesis advisor.</subfield>
  </datafield>
  <datafield tag="900" ind1=" " ind2=" ">
    <subfield code="b">01-01-2025.</subfield>
    <subfield code="c">Walid Abdel Latif Attia</subfield>
    <subfield code="d">Ahmed Hassan Amer</subfield>
    <subfield code="d">Alaa Gamal Sherif </subfield>
    <subfield code="U">Cairo University</subfield>
    <subfield code="F">Faculty of Engineering</subfield>
    <subfield code="D">Department of Structural Engineering </subfield>
  </datafield>
  <datafield tag="905" ind1=" " ind2=" ">
    <subfield code="a">Shimaa</subfield>
  </datafield>
  <datafield tag="942" ind1=" " ind2=" ">
    <subfield code="2">ddc</subfield>
    <subfield code="c">TH</subfield>
    <subfield code="e">21</subfield>
    <subfield code="n">0</subfield>
  </datafield>
  <datafield tag="999" ind1=" " ind2=" ">
    <subfield code="c">179963</subfield>
  </datafield>
  <datafield tag="952" ind1=" " ind2=" ">
    <subfield code="2">ddc</subfield>
    <subfield code="9">317691</subfield>
    <subfield code="a">CUCL</subfield>
    <subfield code="b">cl210</subfield>
    <subfield code="d">2026-05-04</subfield>
    <subfield code="i">93971</subfield>
    <subfield code="o">Cai01.13.05.Ph.D.2025.Am.P</subfield>
    <subfield code="p">01010110093971000</subfield>
    <subfield code="r">2026-05-04 13:50:51</subfield>
    <subfield code="w">2026-05-04</subfield>
    <subfield code="y">TH</subfield>
  </datafield>
</record>
